| 000 | 00519nac a22001691u 4500 | ||
|---|---|---|---|
| 008 | 130120s1990 nyu||||| |||| 001 0 eng d | ||
| 020 | _a0442207557 | ||
| 082 |
_a690 _bAMB _222 |
||
| 100 |
_aAmbrose, James E. _931928 |
||
| 245 |
_aBuilding Construction : _cAmbrse, James E. _nv.1 _penclosure systems / |
||
| 260 |
_aNew York: _bChapman, _c1990. |
||
| 300 |
_a188p. : _bIll. ; _c29 cm. |
||
| 500 | _aIncludes index. | ||
| 650 |
_aBuilding _931929 |
||
| 650 |
_aBuilding details _931930 |
||
| 942 |
_cBB _k690 AMB _2ddc |
||
| 999 |
_c3098 _d3098 |
||